Polskie kluby w historii Europejskich Pucharów - Statystyki

Ogólne statystyki
  • Ten quiz został rozwiązany 218 razy
    88 od ostatniego zresetowania
  • Średni wynik to 188 z 219
Statystyki odpowiedzi
Rozgrywki Sezon Postęp w rozgrywkach Przeciwnik Wynik Polski przedstawiciel % Poprawnych
Puchar Europy 56/57 Runda wstępna Slovan UNV Bratysława 4:2 Legia Warszawa
100%
Puchar Europy 60/61 Runda wstępna Aarhus GF 3:1 Legia Warszawa
100%
Puchar Europy 69/70 Półfinał - 1/2 finału Feyenoord Rotterdam 2:0 Legia Warszawa
100%
Puchar Europy 70/71 Ćwierćfinał - 1/4 finału Atletico Madryt 2:2, br. wyj. Legia Warszawa
100%
Puchar UEFA 71/72 II runda - 1/16 finału Rapid Bukareszt 4:2 Legia Warszawa
100%
Puchar UEFA 74/75 I runda - 1/32 finału FC Nantes 3:2 Legia Warszawa
100%
Puchar UEFA 85/86 III runda - 1/8 finału Inter Mediolan 1:0, dog. Legia Warszawa
100%
Puchar UEFA 86/87 II runda - 1/16 finału Inter Mediolan 3:3, br. wyj. Legia Warszawa
100%
Puchar UEFA 88/89 I runda - 1/32 finału Bayern Monachium 10:4 Legia Warszawa
100%
Liga Mistrzów 94/95 Runda kwalifikacyjna Hajduk Split 5:0 Legia Warszawa
100%
Liga Mistrzów 95/96 Ćwierćfinał - 1/4 finału Panathinaikos AO 3:0 Legia Warszawa
100%
Puchar UEFA 96/97 II runda - 1/16 finału Beşiktaş JK 3:2 Legia Warszawa
100%
Puchar UEFA 99/00 II runda - 1/32 finału Udinese Calcio 2:1 Legia Warszawa
100%
Puchar UEFA 01/02 II runda - 1/32 finału Valencia CF 7:2 Legia Warszawa
100%
Liga Mistrzów 02/03 III runda kwalifikacyjna FC Barcelona 4:0 Legia Warszawa
100%
Puchar UEFA 02/03 II runda - 1/32 finału FC Schalke 04 3:2 Legia Warszawa
100%
Puchar UEFA 04/05 I runda zasadnicza Austria Wiedeń 4:1 Legia Warszawa
100%
Puchar UEFA 05/06 II runda kwalifikacyjna FC Zürich 5:1 Legia Warszawa
100%
Liga Mistrzów 06/07 III runda kwalifikacyjna Szachtar Donieck 4:2 Legia Warszawa
100%
Puchar UEFA 06/07 I runda zasadnicza Austria Wiedeń 2:1 Legia Warszawa
100%
Puchar UEFA 08/09 II runda kwalifikacyjna FK Moskwa 4:1 Legia Warszawa
100%
Liga Europy 09/10 III runda kwalifikacyjna Brøndby IF 3:3, br. wyj. Legia Warszawa
100%
Liga Europy 11/12 Faza pucharowa - 1/16 finału Sporting CP 3:2 Legia Warszawa
100%
Liga Europy 12/13 Runda play-off Rosenborg BK 3:2 Legia Warszawa
100%
Liga Mistrzów 13/14 Runda play-off Steaua Bukareszt 3:3, br. wyj. Legia Warszawa
100%
Liga Europy 13/14 Faza grupowa Trabzonspor, Lazio, Apollon Limassol 1-0-5, 3 pkt. Legia Warszawa
100%
Liga Mistrzów 14/15 III runda kwalifikacyjna Celtic Glasgow 4:4, br. wyj. Legia Warszawa
100%
Liga Europy 14/15 Faza pucharowa - 1/16 finału Ajax Amsterdam 4:0 Legia Warszawa
100%
Liga Europy 15/16 Faza grupowa Napoli, Club Brugge, FC Midtjylland 1-1-4, 4 pkt. Legia Warszawa
100%
Liga Mistrzów 16/17 Faza grupowa Borussia Dortmund, Real Madryt, Sporting CP 1-1-4, 4 pkt. Legia Warszawa
100%
Liga Europy 16/17 Faza pucharowa - 1/16 finału Ajax Amsterdam 1:0 Legia Warszawa
100%
Liga Mistrzów 17/18 III runda kwalifikacyjna FK Astana 3:2 Legia Warszawa
100%
Liga Europy 17/18 Runda play-off Sheriff Tyraspol 1:1, br. wyj. Legia Warszawa
100%
Liga Mistrzów 18/19 II runda kwalifikacyjna Spartak Trnawa 2:1 Legia Warszawa
100%
Liga Europy 18/19 III runda kwalifikacyjna F91 Dudelange 4:3 Legia Warszawa
100%
Liga Europy 19/20 Runda play-off Rangers F.C. 1:0 Legia Warszawa
100%
Liga Mistrzów 20/21 II runda kwalifikacyjna Omonia Nikozja 2:0, dog. Legia Warszawa
100%
Liga Europy 20/21 Runda play-off Qarabağ FK 3:0 Legia Warszawa
100%
Liga Mistrzów 21/22 III runda kwalifikacyjna Dinamo Zagrzeb 2:1 Legia Warszawa
100%
Liga Europy 21/22 Faza grupowa Spartak Moskwa, Napoli, Leicester City 2-0-4, 6 pkt. Legia Warszawa
100%
Liga Konferencji 23/24 Faza pucharowa - play-offy Molde FK 6:2 Legia Warszawa
100%
Puchar UEFA 78/79 I runda - 1/32 finału MSV Duisburg 10:2 Lech Poznań
98%
Puchar Europy 83/84 I runda - 1/16 finału Athletic Bilbao 4:2 Lech Poznań
98%
Puchar Europy 84/85 I runda - 1/16 finału Liverpool F.C. 5:0 Lech Poznań
98%
Puchar UEFA 85/86 I runda - 1/32 finału Borussia Mönchengladbach 3:1 Lech Poznań
98%
Puchar Europy 90/91 II runda - 1/8 finału Olympique Marsylia 8:4 Lech Poznań
98%
Liga Mistrzów 92/93 II runda eliminacyjna IFK Göteborg 4:0 Lech Poznań
98%
Liga Mistrzów 93/94 II runda eliminacyjna Spartak Moskwa 7:2 Lech Poznań
98%
Puchar UEFA 99/00 I runda - 1/64 finału IFK Göteborg 2:1 Lech Poznań
98%
Puchar UEFA 04/05 II runda kwalifikacyjna Terek Grozny 2:0 Lech Poznań
98%
Puchar UEFA 08/09 Faza pucharowa - 1/16 finału Udinese Calcio 4:3 Lech Poznań
98%
Liga Europy 09/10 Runda play-off Club Brugge 1:1, kar. 4:3 Lech Poznań
98%
Liga Mistrzów 10/11 III runda kwalifikacyjna Sparta Praga 2:0 Lech Poznań
98%
Liga Europy 10/11 Faza pucharowa - 1/16 finału SC Braga 2:1 Lech Poznań
98%
Liga Europy 12/13 III runda kwalifikacyjna AIK Fotboll 3:1 Lech Poznań
98%
Liga Europy 13/14 III runda kwalifikacyjna Žalgiris Wilno 2:2, br. wyj. Lech Poznań
98%
Liga Europy 14/15 III runda kwalifikacyjna Stjarnan 1:0 Lech Poznań
98%
Liga Mistrzów 15/16 III runda kwalifikacyjna FC Basel 4:1 Lech Poznań
98%
Liga Europy 15/16 Faza grupowa FC Basel, Fiorentina, Belenenses 1-2-3, 5 pkt. Lech Poznań
98%
Liga Europy 17/18 III runda kwalifikacyjna FC Utrecht 2:2, br. wyj. Lech Poznań
98%
Liga Europy 18/19 III runda kwalifikacyjna KRC Genk 4:1 Lech Poznań
98%
Liga Europy 20/21 Faza grupowa Rangers, SL Benfica, Standard Liege 1-0-5, 3 pkt. Lech Poznań
98%
Liga Mistrzów 22/23 I runda kwalifikacyjna Qarabağ FK 5:2 Lech Poznań
98%
Liga Konferencji 22/23 Faza pucharowa - ćwierćfinał - 1/4 finału AC Fiorentina 6:4 Lech Poznań
98%
Liga Konferencji 23/24 III runda kwalifikacyjna Spartak Trnava 4:3 Lech Poznań
98%
Liga Konferencji 21/22 Runda play-off KAA Gent 3:1 Raków Częstochowa
97%
Liga Konferencji 22/23 Runda play-off Slavia Praga 3:2, dog. Raków Częstochowa
97%
Liga Mistrzów 23/24 Runda play-off FC København 2:1 Raków Częstochowa
97%
Liga Europy 23/24 Faza grupowa Atalanta, Sporting CP, Sturm Graz 1-1-4, 4 pkt. Raków Częstochowa
97%
Puchar UEFA 76/77 II runda - 1/16 finału RWD Molenbeek 2:2, kar. 5:4 Wisła Kraków
95%
Puchar Europy 78/79 Ćwierćfinał - 1/4 finału Malmö FF 5:3 Wisła Kraków
95%
Puchar UEFA 81/82 I runda - 1/32 finału Malmö FF 5:1 Wisła Kraków
95%
Puchar UEFA 98/99 II runda - 1/16 finału AC Parma 3:2 Wisła Kraków
95%
Puchar UEFA 00/01 II runda - 1/32 finału FC Porto 3:0 Wisła Kraków
95%
Liga Mistrzów 01/02 III runda kwalifikacyjna FC Barcelona 5:3 Wisła Kraków
95%
Puchar UEFA 01/02 II runda - 1/32 finału Inter Mediolan 2:1 Wisła Kraków
95%
Puchar UEFA 02/03 IV runda - 1/8 finału S.S. Lazio 5:4 Wisła Kraków
95%
Liga Mistrzów 03/04 III runda kwalifikacyjna RSC Anderlecht 4:1 Wisła Kraków
95%
Puchar UEFA 03/04 II runda - 1/32 finału Vålerenga Fotball 0:0, kar. 4:3 Wisła Kraków
95%
Liga Mistrzów 04/05 III runda kwalifikacyjna Real Madryt 5:1 Wisła Kraków
95%
Puchar UEFA 04/05 I runda zasadnicza Dinamo Tbilisi 5:5, br. wyj. Wisła Kraków
95%
Liga Mistrzów 05/06 III runda kwalifikacyjna Panathinaikos AO 5:4, dog. Wisła Kraków
95%
Puchar UEFA 05/06 I runda zasadnicza Vitória SC 4:0 Wisła Kraków
95%
Puchar UEFA 06/07 Faza grupowa Blackburn Rovers, AS Nancy, Feyenoord, FC Basel 1-0-3, 3 pkt. Wisła Kraków
95%
Liga Mistrzów 08/09 III runda kwalifikacyjna FC Barcelona 4:1 Wisła Kraków
95%
Puchar UEFA 08/09 I runda zasadnicza Tottenham Hotspur 3:2 Wisła Kraków
95%
Liga Mistrzów 09/10 II runda kwalifikacyjna Tallinna FCI Levadia 2:1 Wisła Kraków
95%
Liga Europy 10/11 III runda kwalifikacyjna Qarabağ FK 4:2 Wisła Kraków
95%
Liga Mistrzów 11/12 Runda play-off APOEL Nikozja 3:2 Wisła Kraków
95%
Liga Europy 11/12 Faza pucharowa - 1/16 finału Standard Liège 1:1, br. wyj. Wisła Kraków
95%
Puchar UEFA 75/76 III runda - 1/8 finału Liverpool F.C. 5:1 Śląsk Wrocław
94%
Puchar Europy 77/78 I runda - 1/16 finału Lewski Spartak Sofia 5:2 Śląsk Wrocław
94%
Puchar UEFA 78/79 III runda - 1/8 finału Borussia Mönchengladbach 5:3 Śląsk Wrocław
94%
Puchar UEFA 80/81 I runda - 1/32 finału Dundee United 7:2 Śląsk Wrocław
94%
Puchar UEFA 82/83 II runda - 1/16 finału Servette FC 7:1 Śląsk Wrocław
94%
Liga Europy 11/12 Runda play-off Rapid Bukareszt 4:2 Śląsk Wrocław
94%
Liga Mistrzów 12/13 III runda kwalifikacyjna Helsingborgs IF 6:1 Śląsk Wrocław
94%
Liga Europy 12/13 Runda play-off Hannover 96 10:4 Śląsk Wrocław
94%
Liga Europy 13/14 Runda play-off Sevilla FC 9:1 Śląsk Wrocław
94%
Liga Europy 15/16 II runda kwalifikacyjna IFK Göteborg 2:0 Śląsk Wrocław
94%
Liga Konferencji 21/22 III runda kwalifikacyjna Hapoel Beer Szewa 5:2 Śląsk Wrocław
94%
Puchar Europy 61/62 Runda wstępna Tottenham Hotspur 10:5 Górnik Zabrze
92%
Puchar Europy 63/64 I runda - 1/8 finału Dukla Praga 4:3 Górnik Zabrze
92%
Puchar Europy 64/65 Runda wstępna Dukla Praga 4:4, rzut monetą Górnik Zabrze
92%
Puchar Europy 65/66 I runda - 1/8 finału Sparta Praga 5:1 Górnik Zabrze
92%
Puchar Europy 66/67 II runda - 1/8 finału CSKA Sofia 4:3 Górnik Zabrze
92%
Puchar Europy 67/68 Ćwierćfinał - 1/4 finału Manchester United 2:1 Górnik Zabrze
92%
Puchar Europy 71/72 I runda - 1/16 finału Olympique Marsylia 3:1 Górnik Zabrze
92%
Puchar Europy 72/73 II runda - 1/8 finału Dynamo Kijów 3:2 Górnik Zabrze
92%
Puchar UEFA 74/75 I runda - 1/32 finału FK Partizan 5:2 Górnik Zabrze
92%
Puchar UEFA 77/78 II runda - 1/16 finału Aston Villa 3:1 Górnik Zabrze
92%
Puchar Europy 85/86 I runda - 1/16 finału Bayern Monachium 6:2 Górnik Zabrze
92%
Puchar Europy 86/87 I runda - 1/16 finału RSC Anderlecht 3:1 Górnik Zabrze
92%
Puchar Europy 87/88 II runda - 1/8 finału Rangers F.C. 4:2 Górnik Zabrze
92%
Puchar Europy 88/89 II runda - 1/8 finału Real Madryt 4:2 Górnik Zabrze
92%
Puchar UEFA 89/90 I runda - 1/32 finału Juventus F.C. 5:2 Górnik Zabrze
92%
Puchar UEFA 91/92 I runda - 1/32 finału Hamburger SV 4:1 Górnik Zabrze
92%
Puchar UEFA 94/95 I runda - 1/32 finału Admira Wacker Wiedeń 6:3 Górnik Zabrze
92%
Liga Europy 18/19 II runda kwalifikacyjna AS Trenczyn 5:1 Górnik Zabrze
92%
Puchar UEFA 84/85 I runda - 1/32 finału 1. FC Köln 3:1 Pogoń Szczecin
89%
Puchar UEFA 87/88 I runda - 1/32 finału Hellas Verona 4:2 Pogoń Szczecin
89%
Puchar UEFA 01/02 Runda kwalifikacyjna Íþróttafélagið Fylkir 3:2 Pogoń Szczecin
89%
Liga Konferencji 21/22 II runda kwalifikacyjna NK Osijek 1:0 Pogoń Szczecin
89%
Liga Konferencji 22/23 II runda kwalifikacyjna Brøndby IF 5:1 Pogoń Szczecin
89%
Liga Konferencji 23/24 III runda kwalifikacyjna KAA Gent 6:2 Pogoń Szczecin
89%
Puchar UEFA 77/78 II runda - 1/16 finału PSV Eindhoven 6:3 Widzew Łódź
89%
Puchar UEFA 79/80 I runda - 1/32 finału AS Saint-Étienne 4:2 Widzew Łódź
89%
Puchar UEFA 80/81 III runda - 1/8 finału Ipswich Town 5:1 Widzew Łódź
89%
Puchar Europy 81/82 I runda - 1/16 finału RSC Anderlecht 6:2 Widzew Łódź
89%
Puchar Europy 82/83 Półfinał - 1/2 finału Juventus F.C. 4:2 Widzew Łódź
89%
Puchar UEFA 83/84 II runda - 1/16 finału Sparta Praga 3:1 Widzew Łódź
89%
Puchar UEFA 84/85 III runda - 1/8 finału Dynama Mińsk 2:1 Widzew Łódź
89%
Puchar UEFA 86/87 II runda - 1/16 finału Bayer Uerdingen 2:0 Widzew Łódź
89%
Puchar UEFA 92/93 I runda - 1/32 finału Eintracht Frankfurt 11:2 Widzew Łódź
89%
Puchar UEFA 95/96 I runda - 1/32 finału Czornomoreć Odessa 1:1, kar. 6:5 Widzew Łódź
89%
Liga Mistrzów 96/97 Faza grupowa Atl. Madryt, Steaua, Borussia Dortmund 1-1-4, 4 pkt. Widzew Łódź
89%
Liga Mistrzów 97/98 II runda kwalifikacyjna AC Parma 7:1 Widzew Łódź
89%
Puchar UEFA 97/98 I runda - 1/32 finału Udinese Calcio 3:1 Widzew Łódź
89%
Liga Mistrzów 99/00 III runda kwalifikacyjna AC Fiorentina 5:1 Widzew Łódź
89%
Puchar UEFA 99/00 II runda - 1/32 finału AS Monaco 3:1 Widzew Łódź
89%
Puchar Europy 68/69 I runda - 1/16 finału Dynamo Kijów wycofał się Ruch Chorzów
88%
Puchar UEFA 73/74 Ćwierćfinał - 1/4 finału Feyenoord Rotterdam 4:2, dog. Ruch Chorzów
88%
Puchar Europy 74/75 Ćwierćfinał - 1/4 finału AS Saint-Étienne 4:3 Ruch Chorzów
88%
Puchar Europy 75/76 II runda - 1/8 finału PSV Eindhoven 7:1 Ruch Chorzów
88%
Puchar Europy 79/80 I runda - 1/16 finału Dynamo Berlin 4:1 Ruch Chorzów
88%
Puchar Europy 89/90 I runda - 1/16 finału CSKA Sofia 6:2 Ruch Chorzów
88%
Puchar UEFA 98/99 II runda kwalifikacyjna Bologna FC 3:0 Ruch Chorzów
88%
Puchar UEFA 00/01 I runda - 1/64 finału Inter Mediolan 7:1 Ruch Chorzów
88%
Liga Europy 10/11 III runda kwalifikacyjna Austria Wiedeń 6:1 Ruch Chorzów
88%
Liga Europy 12/13 III runda kwalifikacyjna Viktoria Pilzno 7:0 Ruch Chorzów
88%
Liga Europy 14/15 Runda play-off Metalist Charków 1:0, dog. Ruch Chorzów
88%
Liga Europy 19/20 II runda kwalifikacyjna Brøndby IF 5:3 Lechia Gdańsk
86%
Liga Konferencji 22/23 II runda kwalifikacyjna Rapid Wiedeń 2:1 Lechia Gdańsk
86%
Liga Europy 16/17 I runda kwalifikacyjna Szkendija Tetowo 4:1 Cracovia
84%
Liga Europy 19/20 I runda kwalifikacyjna DAC Dunajská Streda 3:3, br. wyj. Cracovia
84%
Liga Europy 20/21 I runda kwalifikacyjna Malmö FF 2:0 Cracovia
84%
Liga Europy 10/11 III runda kwalifikacyjna Aris FC 4:3 Jagiellonia Białystok
83%
Liga Europy 11/12 I runda kwalifikacyjna Irtysz Pawłodar 2:1 Jagiellonia Białystok
83%
Liga Europy 15/16 II runda kwalifikacyjna Omonia Nikozja 1:0 Jagiellonia Białystok
83%
Liga Europy 17/18 II runda kwalifikacyjna FK Qəbələ 3:1 Jagiellonia Białystok
83%
Liga Europy 18/19 III runda kwalifikacyjna KAA Gent 4:1 Jagiellonia Białystok
83%
Puchar Europy 59/60 Runda wstępna Jeunesse Esch 6:2 ŁKS Łódź
81%
Liga Mistrzów 98/99 II runda kwalifikacyjna Manchester United 2:0 ŁKS Łódź
81%
Puchar UEFA 98/99 I runda - 1/32 finału AS Monaco 3:1 ŁKS Łódź
81%
Liga Europy 13/14 II runda kwalifikacyjna Qarabağ FK 4:3 Piast Gliwice
81%
Liga Europy 16/17 II runda kwalifikacyjna IFK Göteborg 3:0 Piast Gliwice
81%
Liga Mistrzów 19/20 I runda kwalifikacyjna BATE Borysów 3:2 Piast Gliwice
81%
Liga Europy 19/20 II runda kwalifikacyjna Riga FC 4:4, br. wyj. Piast Gliwice
81%
Liga Europy 20/21 III runda kwalifikacyjna FC København 3:0 Piast Gliwice
81%
Puchar UEFA 90/91 I runda - 1/32 finału Bologna FC 2:0 Zagłębie Lubin
78%
Puchar Europy 91/92 I runda eliminacyjna Brøndby IF 4:2 Zagłębie Lubin
78%
Puchar UEFA 95/96 I runda - 1/32 finału A.C. Milan 8:1 Zagłębie Lubin
78%
Puchar UEFA 06/07 I runda kwalifikacyjna Dynama Mińsk 1:1, br. wyj. Zagłębie Lubin
78%
Liga Mistrzów 07/08 II runda kwalifikacyjna Steaua Bukareszt 3:1 Zagłębie Lubin
78%
Liga Europy 16/17 III runda kwalifikacyjna SønderjyskE 3:2 Zagłębie Lubin
78%
Liga Europy 17/18 III runda kwalifikacyjna FC Midtjylland 4:4, br. wyj. Arka Gdynia
77%
Puchar UEFA 98/99 II runda kwalifikacyjna Dinamo Moskwa 2:0 Polonia Warszawa
75%
Liga Mistrzów 00/01 III runda kwalifikacyjna Panathinaikos AO 4:3 Polonia Warszawa
75%
Puchar UEFA 00/01 I runda - 1/64 finału Udinese Calcio 3:0 Polonia Warszawa
75%
Puchar UEFA 01/02 I runda - 1/64 finału FC Twente 4:1 Polonia Warszawa
75%
Puchar UEFA 02/03 I runda - 1/64 finału FC Porto 6:2 Polonia Warszawa
75%
Liga Europy 09/10 III runda kwalifikacyjna NAC Breda 4:1 Polonia Warszawa
75%
Puchar Europy 58/59 Runda wstępna MTK Budapeszt 6:0 Polonia Bytom
67%
Puchar Europy 62/63 I runda - 1/8 finału Galatasaray SK 4:2 Polonia Bytom
67%
Puchar UEFA 87/88 I runda - 1/32 finału Sportul Studențesc Bukareszt 3:1 GKS Katowice
66%
Puchar UEFA 88/89 I runda - 1/32 finału Rangers F.C. 5:2 GKS Katowice
66%
Puchar UEFA 89/90 I runda - 1/32 finału Rovaniemen Palloseura 2:1 GKS Katowice
66%
Puchar UEFA 90/91 II runda - 1/16 finału Bayer 04 Leverkusen 6:1 GKS Katowice
66%
Puchar UEFA 92/93 I runda - 1/32 finału Galatasaray SK 2:1 GKS Katowice
66%
Puchar UEFA 94/95 III runda - 1/8 finału Bayer 04 Leverkusen 8:1 GKS Katowice
66%
Puchar UEFA 03/04 Runda kwalifikacyjna Cementarnica Skopje 1:1, br. wyj. GKS Katowice
66%
Puchar UEFA 07/08 II runda kwalifikacyjna Dnipro Dniepropietrowsk 5:3 GKS Katowice
66%
Puchar Europy 73/74 I runda - 1/16 finału FK Crvena Zvezda 3:1 Stal Mielec
61%
Puchar UEFA 75/76 Ćwierćfinał - 1/4 finału Hamburger SV 2:1 Stal Mielec
61%
Puchar Europy 76/77 I runda - 1/16 finału Real Madryt 3:1 Stal Mielec
61%
Puchar UEFA 79/80 I runda - 1/32 finału Aarhus GF 2:1 Stal Mielec
61%
Puchar UEFA 82/83 I runda - 1/32 finału KSC Lokeren 1:1, br. wyj. Stal Mielec
61%
Liga Europy 14/15 II runda kwalifikacyjna SV Zulte Waregem 5:2 Zawisza Bydgoszcz
56%
Puchar UEFA 99/00 II runda - 1/32 finału Atlético Madryt 5:1 Amica Wronki
53%
Puchar UEFA 00/01 II runda - 1/32 finału Hertha Berlin SC 4:2 Amica Wronki
53%
Puchar UEFA 02/03 II runda - 1/32 finału Málaga CF 4:2 Amica Wronki
53%
Puchar UEFA 04/05 Faza grupowa Rangers, Grazer AK, AZ Alkmaar, AJ Auxerre 0-0-4, 0 pkt. Amica Wronki
53%
Puchar UEFA 03/04 Runda kwalifikacyjna FK Ventspils 3:3, br. wyj. Wisła Płock
50%
Puchar UEFA 05/06 II runda kwalifikacyjna Grasshopper Club Zurych 3:3, br. wyj. Wisła Płock
50%
Puchar UEFA 06/07 II runda kwalifikacyjna Czornomoreć Odessa 1:1, br. wyj. Wisła Płock
50%
Puchar UEFA 72/73 I runda - 1/32 finału Vitória Setúbal 6:2 Zagłębie Sosnowiec
50%
Puchar Europy 80/81 II runda - 1/8 finału CSKA Sofia 5:0 Szombierki Bytom
47%
Puchar UEFA 81/82 I runda - 1/32 finału Feyenoord Rotterdam 3:1 Szombierki Bytom
47%
Puchar Europy 55/56 I runda - 1/8 finału Djurgårdens IF 4:1 Gwardia Warszawa
45%
Puchar Europy 57/58 Runda wstępna Wismut Karl Marx Stadt 4:4, rzut monetą Gwardia Warszawa
45%
Puchar UEFA 73/74 II runda - 1/16 finału Feyenoord Rotterdam 3:2 Gwardia Warszawa
45%
Puchar UEFA 03/04 III runda - 1/16 finału Girondins Bordeaux 5:1 Dyskobolia Grodzisk Wielkopolski
44%
Puchar UEFA 05/06 I runda zasadnicza RC Lens 5:3 Dyskobolia Grodzisk Wielkopolski
44%
Puchar UEFA 07/08 I runda zasadnicza FK Crvena zvezda 2:0 Dyskobolia Grodzisk Wielkopolski
44%
Puchar UEFA 77/78 I runda - 1/32 finału 1. FC Magdeburg 3:2 Odra Opole
41%
Puchar UEFA 96/97 I runda - 1/32 finału AS Monaco 4:1 Hutnik Kraków
38%
Puchar UEFA 76/77 I runda - 1/32 finału 1. FC Köln 3:1 GKS Tychy
31%
Puchar UEFA 97/98 II runda kwalifikacyjna Rotor Wołgograd 6:3 Odra Wodzisław Śląśki
27%
Puchar UEFA 71/72 II runda - 1/16 finału UT Arad 3:2, dog. Zagłębie Wałbrzych
8%
Nie znaleziono quizów pasujących do podanych kryteriów
Rozkład punktacji
Procent ludzi z każdym wynikiem
Percentyl według liczby udzielonych odpowiedzi
Twoja historia wyników
Nie rozwiązałeś tego quizu od ostatniego zresetowania